| 000 | 00652nam a22001817a 4500 | ||
|---|---|---|---|
| 999 |
_c194477 _d194477 |
||
| 005 | 20221222160310.0 | ||
| 010 | _aENG-135926 | ||
| 020 |
_a9789390961498 _c495.00 |
||
| 035 | _aEN-119458 | ||
| 037 | _bDBAD/PUB | ||
| 082 | _a954.11 | ||
| 100 | _aJehangir, Sheikh Khalid | ||
| 245 |
_aThe two kashmirs: _ba comparative analysis/ _cby Sheikh Khalid Jehangir |
||
| 260 |
_aNew Delhi _bVitasta publishing pvt. ltd. _c2023 |
||
| 270 |
_a2/15, Ansari road, daryaganj _bNew Delhi _e110002 _minfo@vitastapublishing.com |
||
| 300 |
_aix,191p. _c20cm(pbk) _bAbbreviations, Bibliography, List of tables & maps |
||
| 942 |
_2ddc _cEN _mJEH _h954.11 |
||